000 01398nam a2200277Ia 4500
999 _c53780
_d53780
001 20830
003 GE_BSU
005 20210427181301.0
008 181216s ||||ge |||||||||||||| ||geo||
020 _a9789941196769
040 _cGE_BSU
041 _ageo
080 _a821.133.1–31 ბ–44
100 _aბეგბედერი, ფრედერიკ
_911672
245 _a99 ფრანკი :
_b[რომანი] /
_cბეგბედერი, ფრედერიკ ; ფრანგულიდან თარგმნა თინათინ ღარიბაშვილმა ; რედაქტორი ელენე სალარიძე.
264 _aთბილისი :
_bპალიტრა L,
_c2012.
300 _a205 გვ. ;
_c22 სმ.
440 _a50 წიგნი, რომელიც უნდა წაიკითხო, სანამ ცოცხალი ხარ.
_vწიგნი11
_911670
541 _h8ლ.76თ.
653 _a[რომანი]
653 _a99 ფრანკი
653 _aმხატვრული ლიტერატურა
700 _a ღარიბაშვილმა, თინათინ
_eფრანგულიდან თარგმნა
_911673
700 _aსალარიძე, ელენე
_eრედაქტორი
_95199
942 _cBK
_2udc